000 00994cab a22002055a 4500
001 L143435
008 080508e2008 xxk 000 0 eng d
022 _a0627-3037
035 _a(Sirsi) u143435
041 0 _aeng
100 1 _aWatkins, Craig
245 0 0 _aMicroeconomic perspectives on the structure and operation of local housing markets
260 _c2008
490 _aHousing Studies
_v23(2) March 2008, 163-177(14)
520 _aPresents a review of economic analysis of local housing markets. Finds a wealth of literature which addresses market processes, and the effect that policies have upon these dynamics. Identifies a surprisingly broad diversity in the methodological approach to such studies. Argues that improvements in statistical analysis have focused attention on neighbourhood segmentation, local market analysis and the market's interplay with local spatial processes.
590 _aKA
651 4 _aEurope
690 _aResidential property
_96266
942 _n0
999 _c80172
_d80172